Digimon - Liedtext - Leb´ deinen Traum - Statistiken

Allgemein
  • Dieses Quiz wurde 1.227 mal gespielt
  • Das Durchschnittsergebnis liegt bei 83 aus 115
Antwortstatistiken
Antwort % Korrekt
dein
98%
Leb´
98%
Wir
98%
wir
98%
er
97%
Traum,
96%
den
95%
deinen
93%
der
93%
Der
93%
wird
93%
dich
91%
dich,
91%
Du
91%
du
91%
alle
89%
die
89%
denn
87%
Gefahr
87%
Zeit
87%
Sei
86%
wirst
86%
Wirst
86%
ist
85%
ist,
85%
was
85%
Es
84%
es
84%
stelle
83%
an
82%
bereit
81%
bereit!
81%
Digimon
78%
beste
77%
Freund
77%
gekommen
77%
wenn
77%
Geh´
76%
Weg,
76%
wichtig
76%
bist
74%
sein
74%
Alles
73%
begleiten
73%
erkennen
73%
werden
73%
nach
72%
Sternen,
72%
war
72%
Greif´
71%
so
71%
Zeiten
70%
Ein
69%
ein
69%
Glaub
69%
bestehen
68%
dir
68%
bei
67%
ja
67%
weit
67%
noch
66%
Tag,
66%
dem
65%
diesen
65%
erleben
65%
erreichst
65%
kommt
65%
viel
65%
Ziel
65%
musst
64%
Test
64%
bald
63%
Abenteuer
58%
auch
58%
Ihr
58%
immer
58%
bleiben
57%
Freunde
57%
passiert
57%
Team,
57%
in
55%
seid
54%
allen
52%
nicht
52%
morgen
50%
werdet
50%
wissen
50%
Oh
41%
wow
36%
Doch
33%
Keine übereinstimmenden Quizze gefunden
Verteilung der Resultate
Anzahl Personen mit jedem Resultat
Perzentil nach korrekt beantworteten Fragen
Ihre Resultats-Entwicklung
Sie haben dieses Quiz noch nicht gespielt